| 000 | 02065nam0a2200313 4500 | ||
|---|---|---|---|
| 001 | RU\NLR\BIBL_A\011556567 | ||
| 005 | 20241103100356.0 | ||
| 010 | _a9785902119388 | ||
| 021 |
_aRU _b2017-89371 _96390 |
||
| 035 | _a(RuMoRGB)009463766 | ||
| 035 | _a(NLR Aleph) 011556567 | ||
| 090 |
_a12263080 _c12263080 |
||
| 100 | _a20171212d2017 k y0rusy50 ca | ||
| 101 | 0 | _arus | |
| 102 | _aRU | ||
| 105 | _ay z 110zy | ||
| 200 | 1 |
_aXVI Конференция молодых учёных, специалистов и студентов, посвящённая 60-летию со дня запуска первого исскусственного спутника Земли, 10 октября 2017, Москва _fСовет молодых учёных и специалистов Федерального государственного бюджетного учреждения науки государственного научного центра Российской Федерации - Института медико-биологических проблем Российской академии наук |
|
| 210 |
_aМосква _cИнститут медико-биологических проблем Российской академии наук _d2017 |
||
| 215 |
_a37 с. _d21 |
||
| 606 |
_aКосмическая биология _jСъезды, совещания и т.п _91151074 _3RU\NLR\AUTH\66141231 |
||
| 606 |
_aКосмическая медицина _jСъезды, совещания и т.п _91032684 _3RU\NLR\AUTH\66396403 |
||
| 686 | 1 | _aР87я431(2) | |
| 686 | 1 | _aЕ089я431(2) | |
| 710 | 0 | 2 |
_a"Институт медико-биологических проблем", государственный научный центр Российской Федерации _bКонференция молодых ученых, специалистов и студентов _d16 _eМосква _f2017 _9581824 _3RU\NLR\AUTH\880459513 |
| 942 | _cBOOK | ||
| 980 | _aNBR | ||